Les 20 sons les plus stremés de L2B - Statistiques

Statistiques générales
  • Ce quiz a été pris 183 fois
    72 depuis la dernière actualisation
  • Le résultat moyen est 11 sur 20
Statistiques - réponses
Nombre de streams Sons % Correct
87 131 510 Pélican
100%
27 789 735 Overbooking
83%
45 998 784 Tout pour l'équipe
83%
45 404 039 Tour du monde
78%
50 948 043 Movie
74%
42 025 846 Amis d’enfance
66%
21 294 261 Bloqué
66%
15 083 372 Billionaire
62%
18 580 357 Tendance
59%
16 392 999 Jump
55%
24 615 731 Flying Blue
53%
19 295 205 C’est quoi ton délire
50%
21 924 166 La Zone
50%
46 168 992 Bitume
38%
18 219 404 Dans La Chambre / Money
38%
23 215 340 Mode avion
38%
35 310 267 Trahison
36%
13 120 664 David Douillet
34%
18 352 090 Money
28%
21 834 095 Seleção
22%
Aucun quiz correspondant
Distribution des résultats
% des personnes avec chaque résultat
Percentile par nombre de réponses
Votre historique - résultats
Vous n’avez pas pris ce quiz depuis la dernière actualisation